000 01769nam0a22003491 4500
001 v19\rc\1989972
005 20260406110032.0
035 _a(NLR Aleph) 005085993
090 _a7246537
_c7246537
100 _a20080811d1915 u y0rusy50 ca
101 0 _arus
102 _aRU
105 _ay z |||||
200 1 _aК вопросу о лечении aethylhydrocuprein'ом пневмококковых заболеваний глаза
_eЭксперим. и клинич. исслед.
_eДис. на степ. д-ра мед. Л.К. Соловьева
_fИз Госпит. глаз. клиники проф. Л.Г. Беллярминова при Воен.-мед. акад. и из Лаб. при Гор. Обух. больнице
210 _aПетроград
_cтип. Штаба Отд. корп. жандармов
_d1915
215 _a[4], 202 с.
_d26
225 1 _a[Серия докторских диссертаций, допущенных к защите в Военно-медицинской академии в 1914-1915 учебном году]
_v№ 5
320 _aБиблиогр.: с. 193-200
700 1 _7ca
_8rus
_aСоловьев
_bЛ. К.
_cофтальмолог
_f1879-
_gЛеонид Константинович
_9101814
_3RU\NLR\AUTH\77118889
702 1 _4570
_7ca
_8rus
_aБеллярминов
_bЛ. Г.
_f1859-1930
_gЛеонид Георгиевич
_987925
_3RU\NLR\AUTH\77105000
801 0 _aRU
_bNLR
_gpsbo
801 0 _aRU
_bRuMoRGB
_2psbo
801 1 _aRU
_bProSoft-M
_2rusmarc
801 2 _aRU
_bNLR
_c20121227
_2rusmarc
852 _aNLR
_j17.127.1.4(№ 5)
852 _aNLR
_j127/447
899 _aRuMoRGB
_jV 84/341
899 _aRuMoRGB
_jT 95/141
899 _aRuMoRGB
_jT 68/338
899 _aБАН
942 _cBOOK
980 _aNB